Szegedi újítók a termelékenység emeléséért megfogadták Rákosi elvtárs útmutatását a Lemezgyárban, a DÉMA ban és a Szegedi Kenderben

Elmentve itt :
Bibliográfiai részletek
Dokumentumtípus: Cikk
Megjelent: 1949-10-07
Sorozat:Délmagyarország
Kulcsszavak:Rákosi Mátyás, Iparfejlesztés Szeged 1949, Újítás ipari Szeged 1949, Személyi kultusz Magyarország 1949
Online Access:http://dmarchiv.bibl.u-szeged.hu/52251
LEADER 00608nab a2200145 i 4500
001 delm52251
005 20180927141941.0
008 180927s1949 hu o 0|| hun d
040 |a SZTE Délmagyarország Archívum  |b hun 
041 |a hun 
245 0 0 |a Szegedi újítók a termelékenység emeléséért   |h [elektronikus dokumentum] :  |b megfogadták Rákosi elvtárs útmutatását a Lemezgyárban, a DÉMA ban és a Szegedi Kenderben 
260 |c 1949-10-07 
300 |a 5 
490 0 |a Délmagyarország 
695 |a Rákosi Mátyás, Iparfejlesztés Szeged 1949, Újítás ipari Szeged 1949, Személyi kultusz Magyarország 1949